| 000 | 00501nam a22001817a 4500 | ||
|---|---|---|---|
| 999 |
_c3592 _d3592 |
||
| 003 | GBCCL | ||
| 005 | 20241126110458.0 | ||
| 008 | 171129b xxu||||| |||| 00| 0 eng d | ||
| 020 | _a0 551 00772 9 | ||
| 040 | _cgbc | ||
| 082 |
_a220.61 _bMET |
||
| 100 |
_aMetcalf, William _97152 |
||
| 245 |
_aBy all means: _bNew approaches to group Bible study / _cWilliam Metcalf |
||
| 260 |
_aLondon: _bOliphants Outlook Books, _c1970 |
||
| 300 |
_a96p.; _c18 cm. |
||
| 650 |
_aBible _vStudy _92583 |
||
| 942 |
_2ddc _cBK |
||